Catálogo
 En Linea
Vista normal Vista MARC

Entrada Nombre de reunión

Número de registros utilizados en: 1

001 - NÚMERO DE CONTROL

  • campo de control: 30329

003 - IDENTIFICADOR DEL NÚMERO DE CONTROL

  • campo de control: OSt

005 - FECHA Y HORA DE LA ÚLTIMA TRANSACCIÓN

  • campo de control: 20200615033235.0

008 - DATOS DE LONGITUD FIJA

  • campo de control de longitud fija: 200615|| aca||aabn | a|a d

040 ## - FUENTE DE LA CATALOGACIÓN

  • Centro catalogador/agencia de origen: OSt
  • Centro/agencia transcriptor: OSt

111 ## - ENCABEZAMIENTO--NOMBRE DE CONGRESO/REUNIÓN

  • Nombre de congreso/reunión o jurisdicción como elemento de entrada: Congreso de Academias e Institutos Históricos sobre el Pensamiento Constitucional de Latinoamérica, 1810-1830.
  • Fecha del congreso/reunión: 1961 :
  • Sede del congreso/Lugar de la reunión: Caracas

670 ## - FUENTE DE DATOS ENCONTRADOS

  • Cita de la fuente: Work cat.: (OSt)12850: Congreso de Academias e Institutos Históricos sobre el Pensamiento Constitucional de Latinoamérica, 1810-1830. 1961 : Caracas., El pensamiento constitucional de Latinoamérica, 1810-1830 :, 1962.

Con tecnología Koha